000 00701nam a2200289Ia 4500
005 20260324112603.0
008 008 260324s9999 xx 000 0 eng d
020 _a9781003294375
037 _aEBOOK
040 _aCRL
040 _beng
040 _cCRL
041 _2eng
041 _aeng
084 _qCRL
100 _aRichard A. Gershon
_91143324
245 0 _aDigital Media and Innovation
245 0 _bManagement and Design Strategies in Communication
260 _bTaylor and Francis
260 _c2024
365 _a
365 _b230
856 _uhttp://www.taylorfrancis.com/books/9781003294375
942 _cEBOOK
999 _c1732582
_d1732582